000
00275nam a2200133Ia 4500
100
_a
Karve & Shah
942
_c
BK
654
_a
Physics
245
_a
Elementary Physics I
260
_b
S.Chand & co
_a
NewDelhi
_c
1973
082
_a
530
300
_a
666
546
_a
ENGLISH
999
_c
34055
_d
34055